Európska integrácia v kontexte makroekonomickej teórie inauguračná prednáška
Salvato in:
| Autore principale: | |
|---|---|
| Ente Autore: | |
| Natura: | Libro |
| Lingua: | slovacco |
| Pubblicazione: |
Bratislava
2010
|
| Serie: | Habilitačné a inauguračné prednášky
|
| Soggetti: | |
| Tags: |
Nessun Tag, puoi essere il primo ad aggiungerne!!
|
MARC
| LEADER | 00000nam$a2200000$$$4500 | ||
|---|---|---|---|
| 001 | 0117143 | ||
| 005 | 20240502072316.7 | ||
| 020 | |a 978-80-225-2989-1 | ||
| 041 | 0 | |a slo | |
| 044 | |a SK | ||
| 245 | 1 | 0 | |a Európska integrácia v kontexte makroekonomickej teórie |b inauguračná prednáška |c Eva Muchová |
| 264 | 1 | |a Bratislava |c 2010 | |
| 300 | |a 79 s. [4,261 AH] | ||
| 490 | 1 | |a Habilitačné a inauguračné prednášky | |
| 830 | 0 | |a Habilitačné a inauguračné prednášky | |
| 610 | 2 | 0 | |a teórie ekonomické |
| 610 | 2 | 0 | |a integrácia ekonomická medzinárodná |
| 610 | 2 | 0 | |a únie menové |
| 610 | 2 | 0 | |a integrácia ekonomická |
| 610 | 2 | 0 | |a politika fiškálna |
| 100 | 1 | |a Muchová, Eva, 1961- | |
| 710 | 2 | |a Ekonomická univerzita v Bratislave | |